Podpisz zdjęcia po angielsku #2 - Statystyki

Ogólne statystyki
  • Ten quiz został rozwiązany 116 razy
  • Średni wynik to 14 z 16
Statystyki odpowiedzi
Obrazkowy Odpowiedź % Poprawnych
Car
99%
Ball
98%
Duck
98%
Egg
98%
Fish
98%
Orange
98%
Train
97%
Phone
95%
Knife
94%
Bird
93%
Cup
88%
Sheep
86%
Boat
84%
Cloud
84%
Toothbrush
64%
Rhino
58%
Nie znaleziono quizów pasujących do podanych kryteriów
Rozkład punktacji
Procent ludzi z każdym wynikiem
Percentyl według liczby udzielonych odpowiedzi
Twoja historia wyników
Nie rozwiązałeś tego quizu